10 losowych państw na mapie - Statystyki

Ogólne statystyki
  • Ten quiz został rozwiązany 68 razy
  • Średni wynik to 8 z 10
Odpowiedzi na mapie
Odpowiedzi zakodowano w zielono-czerwonej skali na mapie do tego quizu, zgodnie z poniższymi procentami.
 
Statystyki odpowiedzi
Odpowiedź % Poprawnych
Bangladesz
91%
Litwa
90%
Somalia
88%
Lesotho
86%
Republika Zielonego Przylądka
84%
Słowenia
83%
Afganistan
81%
Zjednoczone Emiraty Arabskie
81%
Irak
79%
Vanuatu
74%
Nie znaleziono quizów pasujących do podanych kryteriów
Rozkład punktacji
Procent ludzi z każdym wynikiem
Percentyl według liczby udzielonych odpowiedzi
Twoja historia wyników
Nie rozwiązałeś tego quizu